Efficient single-phase grid-tied transformerless pv inverter with low leakage current /
Saved in:
| Main Author: | |
|---|---|
| Format: | Thesis Book |
| Language: | English |
| Published: |
2015
|
| Subjects: | |
| Tags: |
Add Tag
No Tags, Be the first to tag this record!
|
| LEADER | 01526cam a2200385 i 4500 | ||
|---|---|---|---|
| 001 | u1012467 | ||
| 003 | SIRSI | ||
| 005 | 201504021504 | ||
| 008 | 150402s2015 my a t 000 0 eng m | ||
| 040 | |a UMM |d UMJ |e rda | ||
| 090 | |a TA7 |b UM 2015 Isl | ||
| 097 | |a TK7 |b UM 2015 Isl | ||
| 100 | 1 | |a Islam, Md Monirul |e author | |
| 245 | 1 | 0 | |a Efficient single-phase grid-tied transformerless pv inverter with low leakage current / |c Md Monirul Islam |
| 264 | 1 | |c 2015 | |
| 264 | 4 | |c 2015 | |
| 300 | |a xvi, 104 leaves : |b illustrations ; |c 30cm | ||
| 336 | |a text |2 rdacontent | ||
| 337 | |a unmediated |2 rdamedia | ||
| 338 | |a volume |2 rdacarrier | ||
| 502 | |b M.Eng. |c Jabatan Kejuruteraan Elektrik, Fakulti Kejuruteraan, Universiti Malaya |d 2015 | ||
| 504 | |a Bibliography: leaves 91-99 | ||
| 650 | 0 | |a Photovoltaic power generation | |
| 650 | 0 | |a Electric inverters |x Automatic control | |
| 650 | 0 | |a Power transmission. | |
| 650 | 0 | |a Power electronics. | |
| 650 | 0 | |a Electric current converters. | |
| 650 | 0 | |a Electric circuits. | |
| 710 | 2 | |a Universiti Malaya. |b Jabatan Kejuruteraan Elektrik, |e degree granting institution. | |
| 900 | |a RH-AMA | ||
| 900 | |a NSR | ||
| 596 | |a 1 7 | ||
| 999 | |a TK7 UM 2015 ISL |w LC |c 1 |i A516164703 |d 3/7/2015 |f 3/7/2015 |g 1 |l STACKS |m P07JURUTER |r N |s Y |t TESIS |u 3/7/2015 | ||
| 999 | |a TK7 UM 2015 ISL |w LC |c 2 |i A516160701 |d 3/7/2015 |f 3/7/2015 |g 1 |l COUNTER |m P07JURUTER |r N |s Y |t CD |u 3/7/2015 | ||
| 999 | |a TK7 UM 2015 ISL |w LC |c 1 |i A516120720 |d 27/10/2015 |f 27/10/2015 |g 1 |l STACKS |m P01UTAMA |r Y |s Y |t TESIS |u 19/10/2015 |1 STEM | ||
